Luật sửa đổi, bổ sung một số điều của Luật giao thông đường thủy nội địa

Giới thiệu nội dung Luật sửa đổi bổ sung một số điều của Luật Giao thông đường thuỷ nội địa và toàn văn nội dung Luật giao thông đường thuỷ nội địa năm 2004 được sửa đổi bổ sung năm 2014

Zapisane w:
Opis bibliograficzny
Język:Undetermined
Wydane: Hà Nội Chính trị Quốc gia - Sự thật 2014
Hasła przedmiotowe:
Etykiety: Dodaj etykietę
Nie ma etykietki, Dołącz pierwszą etykiete!
Thư viện lưu trữ: Trung tâm Học liệu Trường Đại học Trà Vinh
LEADER 00904nam a2200217Ia 4500
001 TVU_22014
008 210423s9999 xx 000 0 und d
020 |a 9786045709818 
041 |a Vie 
082 |a 343.5970964 
082 |b L504 
245 0 |a Luật sửa đổi, bổ sung một số điều của Luật giao thông đường thủy nội địa 
260 |a Hà Nội 
260 |b Chính trị Quốc gia - Sự thật 
260 |c 2014 
300 |a 131 tr. 
300 |c 19 cm 
504 |a Phụ lục: tr. 131 
520 |a Giới thiệu nội dung Luật sửa đổi bổ sung một số điều của Luật Giao thông đường thuỷ nội địa và toàn văn nội dung Luật giao thông đường thuỷ nội địa năm 2004 được sửa đổi bổ sung năm 2014 
650 |a Đường thủy; Luật giao thông 
980 |a Trung tâm Học liệu Trường Đại học Trà Vinh